01121nam a2200301Ia 450000500170000000800410001702000180005804000350007604100140011110000270012524500660015225000230021826400420024130000390028333600270032233700330034933800280038249000830041053400130049365000090050665000470051565000520056265000460061465000550066065000480071570000430076308400130080620220317001954.0200115s2019 ck 000 0 spa d a9789585245501 aCO-BoRNBPbspaerdacCO-BoRNBP1 aspaheng 1 aBurns, Charles, d195510aTóxico cCharles Burns ; traducción de Rocío de la Maya aEdición especial 1aBogotá bPenguin Random Housec2019 a56 páginas sin numerar c30 cm.  2rdacontentatextobtxt 2rdamediaasin mediaciónbn 2rdacarrieravolumenbnc0 aPlan Nacional de Lectura y Escritura Leer es mi Cuento / Ministerio de Cultura tX'ed out172LEMB17aLiteratura estadounidense 2LEMBySiglo XX17aNovela gráfica estadounidense2LEMBySiglo XX17aAbuso de drogas 2LEMBvNovela gráfica17aAlucinaciones e ilusiones 2LEMBvNovela gráfica17aDrogas y jóvenes 2LEMBvNovela gráfica1 aMaya Retamar, Rocio de laetraductora  aNG BUR18